Библиография Победы

“Убежден: опыт солидарности, партнерства в годы борьбы с общей угрозой — это наше бесценное наследие, прочная опора именно сейчас, когда набирает силу необратимое движение к более справедливому многополярному миру, основанному на принципах доверия и неделимой безопасности, равных возможностей для самобытного и свободного развития всех стран и народов.”

В.В. Путин

Славный путь народов Севера (Запись № 61239)

Подробности
000 -МАРКЕР
контрольное поле 01113nam0a22003011 4500
001 - ИДЕНТИФИКАТОР ЗАПИСИ
контрольное поле rc\3007055
005 - ИДЕНТИФИКАТОР ВЕРСИИ
контрольное поле 20250806202752.0
035 ## - ДРУГИЕ СИСТЕМНЫЕ НОМЕРА
Идентификатор записи (NLR Aleph) 007216220
100 ## - ДАННЫЕ ОБЩЕЙ ОБРАБОТКИ
Данные общей обработки 20110922d1941 u y0rusy50 ca
101 0# - ЯЗЫК РЕСУРСА
Язык текста, звукозаписи и т.д. русский
102 ## - СТРАНА ПУБЛИКАЦИИ ИЛИ ПРОИЗВОДСТВА
Страна публикации Российская Федерация
105 ## - ПОЛЕ КОДИРОВАННЫХ ДАННЫХ: ТЕКСТОВЫЕ МАТЕРИАЛЫ, МОНОГРАФИЧЕСКИЕ
Кодированные данные о монографическом текстовом документе a z |||||
200 1# - ЗАГЛАВИЕ И СВЕДЕНИЯ ОБ ОТВЕТСТВЕННОСТИ
Основное заглавие Славный путь народов Севера
Сведения, относящиеся к заглавию К 10-летию образованию Ямало-Ненец. нац. округа
210 ## - ПУБЛИКАЦИЯ, РАСПРОСТРАНЕНИЕ И ДР.
Место издания, распространения и т.д. [Омск]
Имя издателя, распространителя и т. д. Омгиз
Дата издания, распространения и т.д. 1941
215 ## - ФИЗИЧЕСКАЯ ХАРАКТЕРИСТИКА
Специфическое обозначение материала и объем 84 с.
Другие сведения о физической характеристике ил.
Размеры 23 см
300 ## - ОБЩИЕ ПРИМЕЧАНИЯ
Текст примечания На обороте тит. л. указаны составители: П.В. Байнарович, Л.Б. Баски, К.Ф. Кошелев и др.
601 01 - НАИМЕНОВАНИЕ ОРГАНИЗАЦИИ КАК ПРЕДМЕТ
Начальный элемент ввода Ямало-Ненецкий национальный округ
701 #1 - ИМЯ ЛИЦА - АЛЬТЕРНАТИВНАЯ ОТВЕТСТВЕННОСТЬ
Начальный элемент ввода Байнарович
Часть имени, кроме начального элемента ввода П.В.
701 #1 - ИМЯ ЛИЦА - АЛЬТЕРНАТИВНАЯ ОТВЕТСТВЕННОСТЬ
Начальный элемент ввода Баски
Часть имени, кроме начального элемента ввода Л.Б.
701 #1 - ИМЯ ЛИЦА - АЛЬТЕРНАТИВНАЯ ОТВЕТСТВЕННОСТЬ
Начальный элемент ввода Кошелев
Часть имени, кроме начального элемента ввода К.Ф.
801 #0 - ИСТОЧНИК ЗАПИСИ
Страна Российская Федерация
Организация NLR
Правила каталогизации psbo
801 #1 - ИСТОЧНИК ЗАПИСИ
Страна Российская Федерация
Организация ELAR
Источник данных rusmarc
852 ## - МЕСТОНАХОЖДЕНИЕ И ШИФР ХРАНЕНИЯ
Идентификатор организации NLR
Шифр хранения (Call Number) Ир80 Г-3/8
942 ## - ДОПОЛНИТЕЛЬНЫЕ ЭЛЕМЕНТЫ ЗАПИСИ (АБИС)
Тип экземпляра АБИС Книга
945 ## - Информацию об издании предоставили:
Полное название организации, предоставившей материал Российская национальная библиотека
980 ## - КОЛЛЕКЦИЯ
Название коллекции Национальная библиография
980 ## - КОЛЛЕКЦИЯ
Название коллекции Библиография Победы

Нет доступных экземпляров.